• 首页
  • 本馆介绍
  • 公告通知
  • 最新文献
  • 馆藏检索
  • 电子资源
  • 读者导购
  • 参考咨询
  • 我的图书馆
  • 登录
  • 详细信息显示
  • 放入我的书架
  • 预约/预借图书
  • 作者相关作品
  • 分类相关作品
  • 丛书相关作品
  • 出版社相关作品

书目信息

  • 表格格式
  • 工作单格式
  • 卡片格式
题名:
美术学习通用教程
    
 
作者: 洋洋 主编 ;徐晓梅 主绘
分册: 2   蜡笔画
出版信息: 成都   成都时代出版社  2001
页数: 48页
开本: 26cm
丛书名:
单 册:
中图分类: J-43 , J216
科图分类:
主题词: 美术--教材 , 蜡笔画--技法(美术)--教材 , 美术 , 蜡笔画 , 技法(美术)
电子资源:
ISBN: 7-80548-750-2
000 00899nam0 2200289 450
001 1548964261
005 20150131133656.45
010    @a7-80548-750-2@dCNY1.06,CNY84.80(全套八册)
100    @a20020118d2001 em y0chiy0110 ea
101 0  @achi
102    @aCN@b510000
105    @aa z 000yy
200 1  @a美术学习通用教程@9mei shu xue xi tong yong jiao cheng@h2@i蜡笔画@f洋洋主编@g徐晓梅主绘
210    @a成都@c成都时代出版社@d2001
215    @a48页@d26cm
330    @a本书内容包括:一、蜡笔画的工具、材料;二、怎样画好蜡笔画;三、色彩常识;四、基本技法;五、蜡笔画步骤图。
606 0  @a美术@j教材
606 0  @a蜡笔画@x技法(美术)@j教材
606 0  @a美术
606 0  @a蜡笔画
606 0  @a技法(美术)
690    @aJ-43@v5
690    @aJ216@v5
701  0 @a洋洋@9yang yang@4主编
702  0 @a徐晓梅@9xu xiao mei@4主绘
801  0 @aCN@bTSSF@c20150131
905    @aZUCC@dJ-43@eJY130:2
    
    美术学习通用教程.2.蜡笔画/洋洋主编/徐晓梅主绘.-成都:成都时代出版社,2001
    48页;26cm
    
    
    ISBN 7-80548-750-2:CNY1.06,CNY84.80(全套八册)
    本书内容包括:一、蜡笔画的工具、材料;二、怎样画好蜡笔画;三、色彩常识;四、基本技法;五、蜡笔画步骤图。
●
相关链接 在E读中查询图书 在五车中查询图书 在当当中查询图书 在豆瓣中查询图书


正题名:美术学习通用教程     索取号:J-43/JY130:2         预约/预借

序号 登录号 条形码 馆藏地/架位号 状态 备注
1 7862279   278622796   学院路分馆/ [索取号:J-43/JY130:2] 在馆    
唐山师范学院图书馆 欢迎您!
大连网信软件有限公司© 版权所有